00220 a2200085 450000500170000002000180001710000170003524500460005226000360009820260228142521.0 a9781647405748 aErich Hepnar aThe Cognitive Behavior of an Insect Brain bSyrawood Publishing Housec2025